Précis du système hiéroglyphique des anciens égyptiens ou recherches sur les élémens premiers de cette écriture sacrée sur leurs diverses combinaisons, et sur les rapports de ce systéme avec les autres méthodes graphiques égyptiennes / (Record no. 48142)
[ view plain ]
| 000 -LEADER | |
|---|---|
| campo de control de longitud fija | 01282nam a22002295i 4500 |
| 001 - NÚMERO DE CONTROL | |
| campo de control | 48142 |
| 003 - IDENTIFICADOR DE NÚMERO DE CONTROL | |
| campo de control | ES-MaACL |
| 005 - FECHA Y HORA DE LA ÚLTIMA TRANSACCIÓN | |
| campo de control | 20250929063114.0 |
| 007 - CAMPO FIJO DE DESCRIPCIÓN FÍSICA--INFORMACIÓN GENERAL | |
| campo de control de longitud fija | t| |
| 008 - DATOS DE LONGITUD FIJA--INFORMACIÓN GENERAL | |
| campo de control de longitud fija | 950706m18271828fr ||||1| fre d |
| 040 ## - FUENTE DE CATALOGACIÓN | |
| Centro catalogador/agencia de origen | CAM |
| Lengua de catalogación | spa |
| Centro/agencia transcriptor | CAM |
| 100 1# - ENTRADA PRINCIPAL--NOMBRE DE PERSONA | |
| Nombre de persona | Champollion, Jean-François, |
| Fechas asociadas al nombre | 1790-1832 |
| 9 (RLIN) | 37931 |
| 245 10 - MENCIÓN DEL TÍTULO | |
| Título | Précis du système hiéroglyphique des anciens égyptiens ou recherches sur les élémens premiers de cette écriture sacrée sur leurs diverses combinaisons, et sur les rapports de ce systéme avec les autres méthodes graphiques égyptiennes / |
| Mención de responsabilidad, etc. | par M. Champollion le Jeune. |
| 250 ## - MENCION DE EDICION | |
| Mención de edición | 2ª édition... augmentée de la lettre à M. Dacier relative à l'alphabet des hiéroglyphes phonétiques employés par les Égyptiens sur leurs monumens de l'époque grecque et de l'époque romaine,... avec un volume de planches. |
| 260 ## - PUBLICACIÓN, DISTRIBUCIÓN, ETC. | |
| Lugar de publicación, distribución, etc. | [Paris] : |
| Nombre del editor, distribuidor, etc. | L'Imprimerie Royale, |
| Fecha de publicación, distribución, etc. | 1827-1828. |
| 300 ## - DESCRIPCIÓN FÍSICA | |
| Extensión | 1 vol. en 2 t. (XXIV, 468), (48, 21-[11]-III-VI , láminas fuera del texto, 7 h. pleg.) ; |
| Dimensiones | 23 cm. |
| 500 ## - NOTA GENERAL | |
| Nota general | La portada del segundo tomo, el de planchas, tiene la fecha de 1827. |
| 500 ## - NOTA GENERAL | |
| Nota general | Las láminas son reproducciones de los jeroglíficos. |
| 650 #4 - PUNTO DE ACCESO ADICIONAL DE MATERIA--TÉRMINO DE MATERIA | |
| Término de materia o nombre geográfico como elemento de entrada | Jeroglíficos egipcios. |
| 9 (RLIN) | 13940 |
| 852 ## - LOCALIZACIÓN | |
| Ubicación | ES-MaACL |
| Número de control de estantería | G-11909 |
| Estatus retirado | Estado de pérdida | Estado de daño | No para préstamo | Colección | Biblioteca de origen | Biblioteca actual | Ubicación en estantería | Fecha de adquisición | Fuente de adquisición | Total de préstamos | Signatura topográfica completa | Código de barras | Visto por última vez | Precio de reemplazo | Tipo de ítem Koha |
|---|---|---|---|---|---|---|---|---|---|---|---|---|---|---|---|
| Libros del s. XIX | Biblioteca del Ateneo de Madrid | Biblioteca del Ateneo de Madrid | Sala Pecera Planta 3 | 17/01/2008 | G-11909 | 1050668 | 23/02/2023 | 23/02/2023 | Libro impreso antiguo |
